|
|
|
|
| LEADER |
00000nam0a2200000 4500 |
| 001 |
115120 |
| 005 |
20231031122452.0 |
| 035 |
|
|
|a (RuTPU)RU\TPU\book\124503
|
| 090 |
|
|
|a 115120
|
| 100 |
|
|
|a 20070503d1963 km y0rusy50 ca
|
| 101 |
0 |
|
|a rus
|
| 102 |
|
|
|a AM
|
| 105 |
|
|
|a a z 001zy
|
| 200 |
1 |
|
|a Резание металлов как процесс пластической деформации сжатия и сдвига
|f Р. Б. Мартиросян
|
| 210 |
|
|
|a Ереван
|c Армянское гос. изд-во
|d 1963
|
| 215 |
|
|
|a 116 с.
|c черт.
|
| 320 |
|
|
|a Библиогр.: с. 111-114.
|
| 610 |
1 |
|
|a резание металлов
|
| 610 |
1 |
|
|a исследование
|
| 610 |
1 |
|
|a металлы
|
| 610 |
1 |
|
|a пластическая деформация
|
| 675 |
|
|
|a 621.91
|v 3
|
| 675 |
|
|
|a 621.7м.01:539.3
|v 3
|
| 700 |
|
1 |
|a Мартиросян
|b Р. Б.
|g Рафик Балабекович
|
| 801 |
|
1 |
|a RU
|b 63413507
|c 20070503
|g PSBO
|
| 801 |
|
2 |
|a RU
|b 63413507
|c 20180702
|g PSBO
|
| 942 |
|
|
|c BK
|